Tai chi : (Registro nro. 11437)

Detalles MARC
000 -LIDER
fixed length control field 00689nam a22002417a 4500
001 - NÚMERO DE CONTROL
Identificador de número de control 01245
003 - IDENTIFICACDOR DE NÚMERO DE CONTROL
control field DO-SdBNP
005 - DATE AND TIME OF LATEST TRANSACTION
control field 20240411123214.0
007 - CAMPOS FIJOS DE DESCRIPCIÓN FÍSICA
fixed length control field 01245
008 - ELEMENTOS DE LONGITUD FIJA
fixed length control field 160916b 2009 mx |||| 00| 0 spa d
020 ## - ISBN
International Standard Book Number 9681912195
040 ## - FUENTE DE CATALOGACIÓN
Agencia que crea de manera original el registro BPMUS
Idioma de catalogación spa
Agencia que realiza la transcripción BPMSU
082 #4 - NÚMERO DE CLASIFICACIÓN DECIMAL DE DEWEY
Classification number 128.2
Edition number 22
245 10 - MENCIÓN DE TITULO
Título Tai chi :
Subtítulo un camino de sabiduría para el crecimiento personal /
Mención de responsabilidad Linda Myoki Lehrhaupt
260 ## - PUBLICACIÓN, DISTRIBUCIÓN, ETC. (PIE DE IMPRENTA)
Lugar de publicación, distribución, etc México :
Nombre del editor, distribuidor, etc. alamah,
Fecha de publicación, distribución, etc 2003
300 ## - DESCRIPCIÓN FÍSICA
Extensión 308 p. ;
Otros detalles físicos 23 cm.
Dimensiones
490 0# - MENCIÓN DE SERIES
Mención de serie Tradiciones de oriente
590 ## - NOTA LOCAL
Texto de la nota local Inventariado, 2024/VM
650 #4 - ENCABEZAMIENTO DE MATERIA--TEMÁTICO
Término temático o nombre geográfico como elemento de entrada Mente y cuerpo
650 #4 - ENCABEZAMIENTO DE MATERIA--TEMÁTICO
Término temático o nombre geográfico como elemento de entrada Conciencia (Filosofía)
910 ## - VALIDACIÓN
Validación VMateo V. Control de calidad. BPMSU
942 ## - ADDED ENTRY ELEMENTS (KOHA)
Source of classification or shelving scheme Dewey Decimal Classification
Koha item type Libros
Existencias
Withdrawn status Lost status Source of classification or shelving scheme Damaged status Not for loan Collection code Home library Current library Date acquired Source of acquisition Total Checkouts Full call number Barcode Date last seen Copy number Price effective from Koha item type
    Dewey Decimal Classification     Colección General Biblioteca Pública Metropolitana Salomé Ureña Biblioteca Pública Metropolitana Salomé Ureña 09/16/2016 ALFAGUARA   BPMSU CG 128.2 M997u 2003 BPMSU16090388 09/16/2016 09/16/2016 Libros
    Dewey Decimal Classification     Colección General Biblioteca Pública Metropolitana Salomé Ureña Biblioteca Pública Metropolitana Salomé Ureña 09/16/2016 ALFAGUARA   BPMSU CG 128.2 M997u 2003 BPMSU16090389 09/16/2016 e.2 09/16/2016 Libros
    Dewey Decimal Classification     Colección General Biblioteca Pública Metropolitana Salomé Ureña Biblioteca Pública Metropolitana Salomé Ureña 09/16/2016 ALFAGUARA   BPMSU CG 128.2 M997u 2003 BPMSU16090390 09/16/2016 e.3 09/16/2016 Libros